Gaming Quiz

Random Gaming or Logic Quiz

Dream SMP Logic Puzzle Quiz Stats

 Plays Quiz not verified by Sporcle

Support Sporcle.
Go Orange.
Score 0/25 Timer 20:00
198 Plays Today
# Member % Correct
A1







???
100%
C3







???
63.3%
D3







???
59.1%
E1







???
57.4%
B5







???
46.4%
A5







???
45%
B3







???
42.2%
E5







???
42.1%
E2







???
40.5%
E4







???
31.3%
C2







???
30.6%
C5







???
23.3%
A3







???
23.2%
# Member % Correct
E3







???
22.1%
C4







???
21.9%
D5







???
21.5%
D4







???
21.5%
B4







???
14.3%
C1







???
13.6%
B2







???
12.5%
D2







???
12.3%
D1







???
10.3%
A4







???
9.3%
A2







???
7.5%
B1







???
7.4%

You're not logged in!

Compare scores with friends on all Sporcle quizzes.
OR
Log In

From the Vault

Countries Before & After

by jimmyrickards

If late-night cable has taught us anything, it's that you can never trust before & after pictures.
Remove Ads.
Support Sporcle.
Get the best of Sporcle when you Go Orange. This ad-free experience offers more features, more stats, and more fun while also helping to support Sporcle. Thank you for becoming a member.

Show Comments

Extras

Top Quizzes Today


Score Distribution

Your Account Isn't Verified!

In order to create a playlist on Sporcle, you need to verify the email address you used during registration. Go to your Sporcle Settings to finish the process.

Report this User

Report this user for behavior that violates our Community Guidelines.

Details: